| 000 | 00490nam a2200193Ia 4500 | ||
|---|---|---|---|
| 005 | 20250508161401.0 | ||
| 008 | 008 250505s9999 xx 000 0 hin d | ||
| 037 | _aTextual | ||
| 040 |
_aFEDL _beng _cFEDL |
||
| 041 |
_ahin _2eng |
||
| 084 |
_a370.1, SAT _qFEDL |
||
| 100 | _aSatyavrat | ||
| 245 | 0 | _aShiksha-sastra | |
| 300 | _a362p. | ||
| 650 | _aEducation - Philosophy | ||
| 700 |
_a Chandravati _9770677 |
||
| 942 |
_cTEXL _h370.1, SAT |
||
| 999 |
_c1369781 _d1369781 |
||